Risikomanagement Banken, Versicherungen und andere Finanzinstitutionen
Gespeichert in:
| 1. Verfasser: | |
|---|---|
| Format: | Buch |
| Sprache: | Deutsch |
| Veröffentlicht: |
Hallbergmoos
PEARSON
2014
|
| Ausgabe: | 3. aktualis. Aufl. |
| Schlagworte: | |
| Tags: |
Keine Tags, Fügen Sie das erste Tag hinzu!
|
MARC
| LEADER | 00000nam a2200000 4500 | ||
|---|---|---|---|
| 001 | 0186346 | ||
| 005 | 20240226134308.1 | ||
| 020 | |a 978-3-86894-202-6 | ||
| 041 | 0 | |a ger | |
| 044 | |a DE | ||
| 245 | 1 | 0 | |a Risikomanagement |b Banken, Versicherungen und andere Finanzinstitutionen |c John C. Hull |
| 250 | |a 3. aktualis. Aufl. | ||
| 264 | 1 | |a Hallbergmoos |b PEARSON |c 2014 | |
| 300 | |a 672 s. | ||
| 610 | 2 | 0 | |a manažment |
| 610 | 2 | 0 | |a riziko |
| 610 | 2 | 0 | |a riadenie rizík |
| 610 | 2 | 0 | |a banky |
| 610 | 2 | 0 | |a poisťovne |
| 610 | 2 | 0 | |a inštitúcie finančné |
| 100 | 1 | |a Hull, John C. | |